| 000 | 01083cab a22002535a 4500 | ||
|---|---|---|---|
| 001 | L160004 | ||
| 008 | 150113e2016 xxk 000 0 eng d | ||
| 035 | _a(Sirsi) u160004 | ||
| 041 | 0 | _aeng | |
| 050 | _a627.4 | ||
| 100 | 1 | _aCoutts, Richard | |
| 245 | 0 | 0 |
_aLiving with water _h[electronic resource] |
| 260 |
_aLondon _bRICS _c2016 |
||
| 490 |
_aRICS Building Surveying Journal _vJuly 2016 - August 2016, 18-19(2) |
||
| 520 | _aExplains how built environment needs to adapt to the rising challenge of water with Aquatecture and the Long-term Initiatives for Flood-risk Environments (LifE) approach. | ||
| 650 | 2 | 4 | _aFLOOD CONTROL |
| 650 | 2 | 4 | _aENVIRONMENTAL AND LAND CONSULTANCY-WATER RESOURCE MANAGEMENT-FLOODING |
| 650 | 2 | 4 | _aFLOOD RISK |
| 651 | 4 |
_aUnited Kingdom _y |
|
| 690 |
_aBuilding surveying _96225 |
||
| 856 | 4 | 0 |
_uhttps://www.rics.org/Global/BSJ%20BCJ%20July%20August%202016.pdf _zView the article free of charge at www.rics.org... |
| 856 | 4 | 0 |
_uhttps://www.rics.org/Global/BSJ%20BCJ%20July%20August%202016.pdf _yAvailable free online via Issuu |
| 942 |
_n0 _2ddc |
||
| 999 |
_c85120 _d85120 |
||